The anger management sourcebook / (Record no. 1423)

MARC details
000 -LEADER
fixed length control field 00962cam a22002774a 4500
005 - DATE AND TIME OF LATEST TRANSACTION
control field 20260322212059.0
008 - FIXED-LENGTH DATA ELEMENTS--GENERAL INFORMATION
fixed length control field data
010 ## - LIBRARY OF CONGRESS CONTROL NUMBER
LC control number 2002020115
020 ## - INTERNATIONAL STANDARD BOOK NUMBER
International Standard Book Number 0737305916
020 ## - INTERNATIONAL STANDARD BOOK NUMBER
International Standard Book Number 9780737305913
040 ## - CATALOGING SOURCE
Original cataloging agency DLC
Transcribing agency DLC
Modifying agency DLC
042 ## - AUTHENTICATION CODE
Authentication code pcc
050 00 - LIBRARY OF CONGRESS CALL NUMBER
Classification number BF575.A5
Item number S35 2002
082 00 - DEWEY DECIMAL CLASSIFICATION NUMBER
Classification number 152.4/7
Edition information 21
096 ## - LOCALLY ASSIGNED NLM-TYPE CALL NUMBER (OCLC)
Classification number WM 425.5.A5 S35 2002
001 - CONTROL NUMBER
control field data
100 1# - MAIN ENTRY--PERSONAL NAME
Personal name Schiraldi, Glenn R.,
Dates associated with a name 1947-
245 14 - TITLE STATEMENT
Title The anger management sourcebook /
Statement of responsibility, etc. Glenn R. Schiraldi & Melissa Hallmark Kerr.
260 ## - PUBLICATION, DISTRIBUTION, ETC.
Place of publication, distribution, etc. San Francisco :
-- New York ;
-- San Francisco :
Name of publisher, distributor, etc. Contemporary Books,
Date of publication, distribution, etc. c2002.
300 ## - PHYSICAL DESCRIPTION
Extent x, 326 p. ;
Dimensions 23 cm.
504 ## - BIBLIOGRAPHY, ETC. NOTE
Bibliography, etc. note Includes bibliographical references (p. 309-314) and index.
650 #0 - SUBJECT ADDED ENTRY--TOPICAL TERM
Topical term or geographic name entry element Anger.
700 1# - ADDED ENTRY--PERSONAL NAME
Personal name Kerr, Melissa Hallmark.
856 42 - ELECTRONIC LOCATION AND ACCESS
Materials specified Contributor biographical information
Uniform Resource Identifier <a href="http://www.loc.gov/catdir/bios/mh042/2002020115.html">http://www.loc.gov/catdir/bios/mh042/2002020115.html</a>
856 42 - ELECTRONIC LOCATION AND ACCESS
Materials specified Publisher description
Uniform Resource Identifier <a href="http://www.loc.gov/catdir/description/mh021/2002020115.html">http://www.loc.gov/catdir/description/mh021/2002020115.html</a>
Holdings
Withdrawn status Lost status Damaged status Not for loan Home library Current library Shelving location Date acquired Total checkouts Full call number Barcode Date last seen Price effective from Koha item type
        Franklin Franklin General stacks 22/03/2026   152.4/7 21 BC0011470 22/03/2026 22/03/2026 Books